000 04131cam a2200409 4500500
005 20260111072919.0
041 _afre
042 _adc
100 1 0 _aDormegny-Jeanjean, Ludovic C.
_eauthor
700 1 0 _ade Crespin de Billy, Clément
_eauthor
700 1 0 _aBouaziz, Noomane
_eauthor
700 1 0 _aMainberger, Olivier
_eauthor
700 1 0 _aHumbert, Ilia
_eauthor
700 1 0 _aSauvaget-Oiry, Anne
_eauthor
700 1 0 _aBulteau, Samuel
_eauthor
700 1 0 _aFoucher, Jack R.
_eauthor
245 0 0 _aQuestions pratiques autour de la stimulation magnétique transcrânienne
260 _c2022.
500 _a69
520 _aLa réalisation pratique d’un traitement par stimulation magnétique transcrânienne (rTMS) est aujourd’hui peu intégrée dans les habitudes de soin en France. De fait, si les connaissances théoriques et scientifiques sont maintenant répandues, les considérations pratiques peuvent demeurer obscures pour les psychiatres qui ne pratiquent pas eux-mêmes la rTMS. Cet article a pour objectif de répondre à certaines de ces questions du point de vue du médecin pratiquant en centre de neuromodulation. Nous aborderons la question du positionnement actuel de la rTMS en France, influencé à la fois par les contextes scientifique et réglementaire, et celle de sa place face à l’électroconvulsivothérapie. Nous nous demanderons comment certains facteurs, notamment cliniques et pharmacologiques, peuvent modifier la conduite à tenir. Nous verrons enfin quelles propositions peuvent être faites pour optimiser l’effet de la rTMS.
520 _aThe practical implementation of a rTMS treatment is currently an atypical practice in France, particularly due to the absence of official recognition by the health authorities. Although the theoretical and scientific knowledge is now widespread, practical considerations may remain unfamiliar to psychiatrists who do not actually administer rTMS themselves. This article aims to answer some of these questions from the point of view of doctors practicing in a neuromodulation center. We discuss the current positioning of rTMS in France, influenced by both scientific data and the regulatory context, and its place in relation to ECT. We outline how certain factors, particularly clinical and pharmacological, can influence the practitioner’s attitude. Finally, we develop how a rTMS treatment is carried out and offer suggestions for optimizing its effect, in particular by integrating it into a global care strategy.
520 _aLa implementación práctica del tratamiento con estimulación magnética transcraneal (EMTr) aún no está bien integrada en las prácticas sanitarias francesas. De hecho, si bien los conocimientos teóricos y científicos están ahora ampliamente difundidos, las consideraciones prácticas pueden seguir siendo oscuras para los psiquiatras que no practican ellos mismos la EMTr. Este artículo pretende responder a algunas de estas preguntas desde el punto de vista del médico que ejerce en un centro de neuromodulación. Abordaremos la cuestión del posicionamiento actual de la EMTr en Francia, influida a la vez por los contextos científico y normativo, y su lugar en relación con la terapia electroconvulsiva. Nos preguntaremos cómo ciertos factores, especialmente clínicos y farmacológicos, pueden modificar la actuación a seguir. Por último, veremos qué propuestas se pueden hacer para optimizar el efecto de la EMTr.
690 _adépression résistante
690 _amédicament
690 _asismothérapie
690 _astimulation cérébrale
690 _astimulation magnétique transcrânienne
690 _atrouble de l’humeur
690 _abrain stimulation
690 _amedication
690 _amood disorder
690 _aresistant depression
690 _ashock therapy
690 _atranscranial magnetic stimulation
786 0 _nL'information psychiatrique | Volume 98 | 10 | 2022-12-28 | p. 807-813 | 0020-0204
856 4 1 _uhttps://stm.cairn.info/revue-l-information-psychiatrique-2022-10-page-807?lang=fr&redirect-ssocas=7080
999 _c1615104
_d1615104